Le vers tibétain II.

Elmentve itt :
Bibliográfiai részletek
Szerző: Poucha Pavel
Dokumentumtípus: Cikk
Megjelent: 1954
Sorozat:Le vers tibétain
Kulcsszavak:Tibeti irodalom - költészet, Tibeti irodalom - vers, Verselemzés - tibeti
Tárgyszavak:
Online Access:http://misc.bibl.u-szeged.hu/62394
LEADER 00735nab a2200217 i 4500
001 misc62394
005 20230512123851.0
008 230320s1954 hu o 0|| fre d
040 |a SZTE Miscellanea Repozitórium  |b hun 
041 |a fre 
100 1 |a Poucha Pavel 
245 1 3 |a Le vers tibétain II.  |h [elektronikus dokumentum] /  |c  Poucha Pavel 
260 |c 1954 
300 |a [23] p. 
490 0 |a Le vers tibétain 
561 |a Németh Gyula hagyaték 
591 |a LOT 2900; NOT 4679; ROT 502 
650 4 |a Bölcsészettudományok 
650 4 |a Nyelvek és irodalom 
695 |a Tibeti irodalom - költészet, Tibeti irodalom - vers, Verselemzés - tibeti 
856 4 0 |u http://misc.bibl.u-szeged.hu/62394/1/4679_not.pdf  |z Dokumentum-elérés